MARC

LEADER 00000nam0a2200000 4500
001 288707
005 20231102000121.0
035 |a (RuTPU)RU\TPU\book\313191 
090 |a 288707 
100 |a 20150326d1985 k y0rusy5003 ca 
101 0 |a rus 
102 |a RU 
105 |a a z 100zy 
200 1 |a Применение колебательных спектров к исследованию неорганических и координационных соединений  |e X Всесоюзное научное совещание, тезисы докладов  |f Академия наук СССР (АН СССР), Институт общей и неорганической химии им. Н. С. Курнакова (ИОНХ) ; Московский химико-технологический институт им. Д. И. Менделеева (МХТИ) 
210 |a Москва  |c [Б. и.]  |d 1985 
215 |a 205 с.  |c граф. 
606 1 |a Неорганические вещества  |x Спектроскопические исследования  |2 stltpush  |3 (RuTPU)RU\TPU\subj\74888  |9 86839 
610 1 |a колебательные спектры 
610 1 |a применение 
610 1 |a неорганические соединения 
610 1 |a координационные соединения 
610 1 |a совещания 
675 |a 546:543  |v 4 
712 0 2 |a Применение колебательных спектров к исследованию неорганических и координационных соединений  |c совещание  |d X  |e Москва  |f 1985  |4 570 
712 1 2 |a Академия наук СССР (АН СССР)  |b Институт общей и неорганической химии им. Н. С. Курнакова (ИОНХ)  |c (Москва)  |2 stltpush  |3 (RuTPU)RU\TPU\col\11794 
712 0 2 |a Московский химико-технологический институт им. Д. И. Менделеева (МХТИ)  |2 stltpush  |3 (RuTPU)RU\TPU\col\1701 
801 0 |a RU  |b RuMRKP  |c 19950417  |g psbo 
801 1 |a RU  |b 63413507  |c 20150326 
801 2 |a RU  |b 63413507  |c 20190829  |g RCR 
942 |c BK